Elden Ring Nightreign: All Bosses - Statistics

General Stats
  • This quiz has been taken 219 times
    34 since last reset
  • The average score is 60 of 158
Answer Stats
Answer % Correct
Nightlords Maris, Fathom of Night
92%
Nightlords Gnoster, Wisdom of Night
88%
Nightlords Adel, Baron of Night
83%
Nightlords Caligo, Miasma of Night
83%
Nightlords Gladius, Beast of Night
83%
Nightlords Libra, Creature of Night
83%
Raid Bosses Augur
75%
Nightlords Heolstor the Nightlord (Night Aspect)
75%
Raid Bosses Sentient Pest
75%
Field Bosses | Night 1 Bosses Bell Bearing Hunter
71%
Night 2 Bosses | Raid Bosses Fell Omen
71%
Night 2 Bosses Godskin Duo
71%
Night 2 DLC Bosses Knight Artorias
71%
Field Bosses | Night 2 Bosses Ancient Dragon
67%
Field Bosses Draconic Tree Sentinel
67%
Night 2 Bosses Draconic Tree Sentinel and Royal Cavalrymen
67%
Nightlords Fulghor, Champion of Nightglow
67%
Field Bosses | Night 1 Bosses Royal Revenant
67%
DLC Nightlords Traitorous Straghess
67%
Field Bosses Tree Sentinel
67%
Night 2 Bosses Tree Sentinel and Royal Cavalrymen
67%
Field Bosses Demi-Human Queen
63%
Night 1 Bosses Demi-Human Queen and Demi-Human Swordmaster
63%
Field Bosses Erdtree Avatar
63%
Field Bosses Flying Dragon
63%
Night 1 Bosses Smelter Demon
63%
Raid Bosses Balancers
58%
Night 1 Bosses Centipede Demon
58%
Field Bosses Crucible Knight
58%
Night 2 Bosses Crucible Knight and Golden Hippopotamus
58%
Night 2 Bosses Dancer of the Boreal Valley
58%
Night 2 DLC Bosses Demon Prince
58%
Field Bosses Godskin Noble
58%
Night 2 DLC Bosses Mohg, Lord of Blood
58%
Raid Bosses Sundered Tricephalos
58%
Night 2 Bosses Death Rite Bird
54%
Night 1 DLC Bosses Demon in Pain and Demon from Below
54%
Night 1 Bosses Gaping Dragon
54%
Field Bosses Grafted Scion
54%
Field Bosses Magma Wyrm
54%
Field Bosses Redmane Knights
54%
Field Bosses | Night 1 Bosses Ulcerated Tree Spirit
54%
DLC Nightlords Weapon Bequeathed Harmonia
54%
Field Bosses | Night 1 Bosses Wormface
54%
Field Bosses Black Blade Kindred
50%
Field Bosses Black Knife Assassin
50%
Night 2 DLC Bosses Divine Beast Dancing Lion
50%
Field Bosses Dragonkin Soldier
50%
Night 2 Bosses Nameless King
50%
Field Bosses | Night 1 Bosses Valiant Gargoyle
50%
Field Bosses Ancient Heroes of Zamor
46%
Field Bosses Beastmen of Farum Azula
46%
Night 1 DLC Bosses Curseblade and Divine Beast Warrior
46%
DLC Field Bosses Death Knight
46%
Night 1 DLC Bosses Death Knight Duo
46%
Field Bosses Fire Monk
46%
Field Bosses Golden Hippopotamus
46%
Field Bosses Leonine Misbegotten
46%
Field Bosses Omen
46%
Night 1 Bosses The Duke's Dear Freja
46%
Field Bosses Ancestor Spirit
42%
Field Bosses Banished Knights
42%
Field Bosses Fallingstar Beast
42%
Night 1 Bosses Grafted Monarch
42%
Field Bosses Runebear
42%
Night 1 Bosses Tibia Mariner and Those Who Live In Death
42%
DLC Field Bosses Curseblade
38%
Field Bosses Elder Lion
38%
Field Bosses Flame Chariots
38%
Field Bosses Guardian Golem
38%
Field Bosses Miranda Blossom
38%
Field Bosses | Night 1 Bosses Night's Cavalry
38%
Field Bosses Red Wolf of the King Consort
38%
Field Bosses Albinaurics
33%
Night 1 Bosses Battlefield Commander
33%
Field Bosses Crystalians
33%
Field Bosses Flying Dragon of the Hills
33%
Night 2 Bosses Full-Grown Fallingstar Beast
33%
Field Bosses Godskin Apostle
33%
Night 1 DLC Bosses Great Red Bear
33%
Night 2 Bosses Great Wyrm
33%
Night 2 Bosses Outland Commander
33%
Field Bosses Battlemages
29%
Field Bosses Beastly Brigade
29%
Field Bosses Demi-Human Swordmaster
29%
DLC Field Bosses Divine Beast Warrior
29%
Raid Bosses Equilibrious Beast
29%
Field Bosses Fire Prelate
29%
Field Bosses Mausoleum Knight
29%
Field Bosses Naturalborn of the Void
29%
Field Bosses Sanguine Noble
29%
Field Bosses Abductor Virgin (Swinging Sickle)
25%
Field Bosses Bloodhound Knight
25%
Field Bosses Carian Knight
25%
DLC Field Bosses Cleanrot Knights
25%
DLC Field Bosses Kindred of Rot
25%
Field Bosses Oracle Envoys
25%
DLC Field Bosses Putrid Avatar
25%
Field Bosses Troll
25%
Field Bosses Albinauric Archers
21%
DLC Field Bosses Elder Inquisitor
21%
Field Bosses Grave Warden Duelist
21%
DLC Field Bosses Grave Warden Duelists
21%
DLC Field Bosses Inquisitor
21%
DLC Field Bosses Mimic Tear
21%
Night 2 Bosses Nox Dragonkin Soldier
21%
Field Bosses Nox Warriors
21%
Special Bosses Revenant
21%
Field Bosses Royal Army Knights
21%
Field Bosses Royal Carian Knight
21%
DLC Field Bosses Cuckoo Knights
17%
DLC Field Bosses Divine Bird Warrior
17%
Field Bosses Erdtree Burial Watchdogs
17%
Field Bosses Frenzied Flame Troll
17%
DLC Field Bosses Ghostflame Dragon
17%
Field Bosses Headless Troll
17%
Field Bosses Lordsworn Captain
17%
Field Bosses Mountaintop Ice Dragon
17%
DLC Field Bosses Omenkillers
17%
Field Bosses Snowfield Trolls
17%
Field Bosses Stoneskin Lords
17%
Special Bosses White Horn
17%
DLC Field Bosses Chief Bloodfiend
13%
Field Bosses Depraved Perfumer
13%
Field Bosses Giant Crows
13%
Special Bosses Guardians of the Dew
13%
DLC Field Bosses Blackflame Monks
8%
Special Bosses Blinding Elder Lion
8%
Special Bosses Contaminant
8%
Special Bosses Corrosion
8%
Special Bosses Cracked Golem
8%
DLC Field Bosses Crayfish
8%
Special Bosses Executor's Cry
8%
Special Bosses Fallen Mercenaries
8%
Field Bosses Giant Dog
8%
Special Bosses Marauder
8%
Special Bosses Mimic Troll
8%
Special Bosses Night Huntsman
8%
DLC Field Bosses Nomads
8%
Special Bosses Onestrike Gladiator
8%
DLC Field Bosses Spider Scorpions
8%
DLC Field Bosses Spiritcaller Snail
8%
Field Bosses Stonedigger Troll
8%
Special Bosses Stray Bloodhound Knight
8%
Special Bosses Tunnel Crystalian
8%
Field Bosses Basilisk
4%
Field Bosses Colossal Fingercreeper
4%
DLC Field Bosses Kaiden Mercenaries
4%
Special Bosses Night-Swallowed Golden Hippopotamus
4%
DLC Field Bosses Ancestral Spirit Followers
0%
No matching quizzes found
Score Distribution
Percent of People with Each Score
Percentile by Number Answered
Your Score History
You have not taken this quiz since the last reset